000 00689nam a2200205 a 4500
005 20240614063734.0
008 991125s1966 lon 000 0 eng u
035 _aUPN01000039898
049 _aCG
050 4 _aPE1121 M5.3
245 0 0 _aModern english short stories :
_bvolumen 2 /
_cby Joseph Conrad... [et al.] ; introd., glossary and notes by Richard Martin
260 _aLondon :
_bMacMillan,
_c1966
300 _a71 p.
440 0 _aMacmillan's student series
650 4 _aInglés
_vLibros de texto para extranjeros
_99168
700 1 _aConrad, Joseph,
_d1857-1924
_ecoaut.
700 1 _aDixson, Robert James,
_d1908-1963
_ecoaut.
_930894
904 _aAC
_b039900
905 _aLibro
999 _c39898
_d39898